000 00614nam a22001217a 4500
008 110608t xxu||||| |||| 00| 0 eng d
010 _aSCCAF23
245 _aSupreme Court Criminal Appeal No. 23 OF 1999 Semande James Vs Uganda
260 _c1999
500 _aCoram: Wambuzi CJ, Tsekooko, Karokora, Kanyeihamba and Mukasa-Kikonyogo, JJ.SC.
500 _aAn Appeal from the Decision of the Court of Appeal at Kampala Okello, Berko and Engwau JJA dated 12th May, 1999 in Court of Appeal Criminal Appeal No. 67 of 1997
999 _c2529
_d2529